000 01143njm a2200313Ia 4500
001 D9227
003 IT-RoPAU
005 20220918181146.0
008 131025s9999 xx 000 0 und d
040 _aIT-RoPAU
040 _cIT-RoPAU
041 _aINGLESE
999 _c101625
_d101625
999 _bn.d.
100 _aGenesis
_92395
100 _eAutore musica
_931203
100 _gCodice autore musica SPICS: 10916
_92397
240 _a...And Then There Were Three...
245 _a...And Then There Were Three...
250 _a1a ed.
260 _aGERMANY
260 _bCHARISMA RECORDS
_c1978 [1a Ed.:1978 - Ed. Lingua Orig.: 1978]
300 _aDISCO
500 _aMusica pop.
505 _aDown and Out - Undertow - Ballad of Big - Snowbound - Burning Rope - Deep In the Motherlode - Many Too Many - Scenes From A Night's Dream - Say It's Alright Joe - The Lady Lies - Follow You Follow Me
650 _aPOP [DISCHI]
_eCodice MATERIA SPICS: 9950
_91001
700 _aGenesis
_eAutore testo e musica
_gCodice autore testo/musica SPICS: 10916
_931204
700 _aGenesis
_gCodice interprete SPICS: 10916
_eInterprete
_931205
942 _cMD
_2ddc